Good Charlotte - Self Titled Songs - Statistics

General Stats
  • This quiz has been taken 16 times
  • The average score is 11 of 15
Answer Stats
Spotify Listens Songs % Correct
76,781,178 Little Things
100%
1,179,588 Let Me Go
83%
1,381,808 Screamer
83%
Not On Spotify The Click.
83%
6,640,554 The Motivation Proclamation
83%
1,428,060 Walk By
83%
1,203,314 Change
67%
1,996,989 Complicated
67%
2,905,322 East Coast Anthem
67%
4,538,596 Festival Song
67%
1,844,037 I Don't Wanna Stop
67%
1,769,134 I Heard You
67%
3,522,248 Seasons
67%
1,975,835 Thank You Mom
67%
4,928,043 WaldorfWorldwide
67%
No matching quizzes found
Score Distribution
Percent of People with Each Score
Percentile by Number Answered
Your Score History
You have not taken this quiz